Kto tretí do mariáša? Koaličné rokovania HZDS s SNS

Bibliographic Details
Format: Article
Language:Slovak
Subjects:

MARC

LEADER 00000nab a2200000 a 4500
001 vtls000530651
003 SK-MaSNL
005 20260303201320.0
008 120928c1994 xo 0 slo
015 |a SNBRB19rr/mm-uuuuu 
035 |a CL0530789 
040 |a SNKBUCL  |b slo  |c SNKBUCL  |e AACR2 
041 0 |a slo 
044 |a xo  |c SK 
080 |a 329.7(437.6)HZDS:329.17(437.6)SNS  |2 1981 
080 |a 329.17(437.6)SNS  |2 1981 
245 0 0 |a Kto tretí do mariáša?  |b Koaličné rokovania HZDS s SNS 
610 2 7 |a Hnutie za demokratické Slovensko  |2 snkbucl  |9 14440 
610 2 7 |a Slovenská národná strana (1990-)  |2 snkbucl  |9 31006 
655 7 |a články z novín a časopisov  |2 snkbucl  |9 267496 
773 0 |t Slovenská republika  |g Roč. 1, č. 140 (26. 10. 1994), s. 2 
850 |a Slovenská národná knižnica v Martine  |a MTA001 
852 |a SNK  |b KIS3GCP 
958 |a RK 
992 |a RBX 
999 |c 2173213  |d 2175143